000 00562nam a22001817a 4500
999 _c194978
_d194978
005 20230301115709.0
010 _aENG-136124
020 _c75.00
035 _aEN-119656
037 _bDBAD/PUB
082 _a270
100 _aSiddiqui, Abdul Hameed
245 _aProphethood in Islam/
_cAbdul Hameed Siddiqui
260 _aNew Delhi
_bMarkazi Maktaba Islami Publishers
_c2008
270 _aD-307, Dawat Nagar, Abul Fazl Enclave, Jamia Nagar, Okhla
_bNew Delhi
_e110025
300 _a107p.
_bIndex
_c22cm(pbk)
942 _2ddc
_cEN
_h270
_mSID